| 000 | 01051nam a22002535a 4500 | ||
|---|---|---|---|
| 003 | OSt | ||
| 005 | 20170313152351.0 | ||
| 008 | 160922s2005 ua frb 000 0 ara d | ||
| 015 | _a2005 / 22988 | ||
| 020 | _a9770448605 | ||
| 040 |
_aEG-ScBUE _bara _cEG-ScBUE _dEG-ScBUE |
||
| 043 | _ama----- | ||
| 082 | 0 | 4 |
_a344.01 _bع ب د _222 |
| 100 | 1 | _aعبد الحليم، سلامة عبد التواب. | |
| 245 | 1 | 2 |
_aالحماية القانونية لأجر العامل : _bدراسة مقارنة في مستويات العمل الدولية والعربية وقانون العمل / _cسلامة عبد التواب عبد الحليم. |
| 260 |
_aالقاهرة : _bدار النهضه العربية، _c[2005] |
||
| 300 |
_a181 ص. ؛ _c24 سم. |
||
| 504 | _aيشتمل على إرجاعات ببليوجرافية. | ||
| 650 | 7 |
_2BUEsh _aالأجور (قانون دولي) |
|
| 650 | 7 |
_2BUEsh _aالأجور _xقوانين وتشريعات _zالبلاد العربية |
|
| 651 | _2BUEsh | ||
| 653 |
_bLLAAWW _cMarch2017 |
||
| 942 | _2ddc | ||
| 999 |
_c24409 _d24381 |
||